বাংলাদেশ নির্বাচন : (Record no. 100010)
[ view plain ]
| 000 -LEADER | |
|---|---|
| fixed length control field | 00974nam a22002057a 4500 |
| 003 - CONTROL NUMBER IDENTIFIER | |
| control field | BD-DhUL |
| 005 - DATE AND TIME OF LATEST TRANSACTION | |
| control field | 20160821165840.0 |
| 008 - FIXED-LENGTH DATA ELEMENTS--GENERAL INFORMATION | |
| fixed length control field | 160821s2006 b ||||| |||| 001 0 b d |
| 040 ## - CATALOGING SOURCE | |
| Original cataloging agency | BD-DhUL |
| Transcribing agency | BD-DhUL |
| 082 ## - DEWEY DECIMAL CLASSIFICATION NUMBER | |
| Classification number | 324.95492 |
| Item number | KAB |
| 100 1# - MAIN ENTRY--PERSONAL NAME | |
| Personal name | কাওছার, এবিএম রিয়াজুল কবীর |
| 245 10 - TITLE STATEMENT | |
| Title | বাংলাদেশ নির্বাচন : |
| Remainder of title | জাতীয় সংসদ, সিটি কর্পোরেশন, উপজেলা, পৌরসভা ও ইউনিয়ন পরিষদ [১৯৪৭-২০০৬] / |
| Statement of responsibility, etc. | এবিএম রিয়াজুল কবীর কাওছার |
| 260 ## - PUBLICATION, DISTRIBUTION, ETC. (IMPRINT) | |
| Place of publication, distribution, etc. | ঢাকা : |
| Name of publisher, distributor, etc. | আগামী, |
| Date of publication, distribution, etc. | c ২০০৬ |
| 300 ## - PHYSICAL DESCRIPTION | |
| Extent | ৯১২ পৃঃ : |
| Other physical details | চিত্র ; |
| Dimensions | ২৫ সে.মি. |
| 365 ## - TRADE PRICE | |
| Price type code | BDT |
| Price amount | 1200.00 |
| 500 ## - GENERAL NOTE | |
| General note | নির্ঘন্ট সম্বলিত |
| 650 #0 - SUBJECT ADDED ENTRY--TOPICAL TERM | |
| Topical term or geographic name as entry element | বাংলাদেশ |
| 650 #0 - SUBJECT ADDED ENTRY--TOPICAL TERM | |
| Topical term or geographic name as entry element | Bangladesh |
| 942 ## - ADDED ENTRY ELEMENTS (KOHA) | |
| Source of classification or shelving scheme | |
| Koha item type | Books |
| Price effective from | Date last seen | Permanent Location | Not for loan | Date acquired | Source of classification or shelving scheme | Koha item type | Lost status | Withdrawn status | Copy number | Source of acquisition | Collection code | Damaged status | Shelving location | Barcode | Current Location | Full call number |
|---|---|---|---|---|---|---|---|---|---|---|---|---|---|---|---|---|
| 2016-08-21 | 2016-08-21 | Dhaka University Library | 2011-01-26 | Books | 4 | Purchased | Non Fiction | General Stacks | 456287 | Dhaka University Library | 324.95492 KAB | |||||
| 2016-08-21 | 2016-08-21 | Dhaka University Library | 2011-01-26 | Books | 3 | Purchased | Non Fiction | General Stacks | 456286 | Dhaka University Library | 324.95492 KAB |
